000 00954nam a22002537a 4500
999 _c2395
_d2395
003 AR-CdUCM
008 190304b ||||| |||| 00| 0 spa d
040 _aMUNICIPALIDAD PROVINCIAL DEL CUSCO
_cBIBLIOTECA MUNICIPAL DEL CUSCO
082 _a370.1175 /
_bL86
100 _aLópez, Luis Enrique
_98599
245 _aLas Lenguas en la Educación bilingüe :
_bEl caso de Puno /
260 _aLima :
_bSociedad Alemana de Cooperación Técnica,
_c1989.
300 _a347 paginas ;
_bilustraciones,
_c22cm.
505 _aContenido -- Marco de referencia -- La enseñanza de la lengua Materna -- La enseñanza del castellano como segunda lengua -- Reflexiones
650 _aDesarrollo didactico
_98600
650 _aInvestigación
_91940
650 _aLengua materna
_98601
650 _aLiteratura
_983
700 _aJung, Ingrid
_98602
700 _aUrban, Chritiane
_98603
700 _aGaldós, Benjamin
_98604
942 _2ddc
_cLIBROS
945 _apjha